Plan general del recurso hídrico para abastecimiento de agua potable en la zona de los santos
Enregistré dans:
| Auteur principal: | |
|---|---|
| Format: | Livre |
| Publié: |
[San José , Costa Rica]
1995
|
| Sujets: | |
| Tags: |
Ajouter un tag
Pas de tags, Soyez le premier à ajouter un tag!
|
MARC
| LEADER | 00000nam a2200000Ia 4500 | ||
|---|---|---|---|
| 003 | 007730 | ||
| 005 | 20221231144252.0 | ||
| 008 | 140114s1995 cr a m 000 ||s d | ||
| 040 | |c cru CEDI | ||
| 090 | |a TFG 3323 | ||
| 100 | |a Gamboa Chacón, Alejandro |9 10642 | ||
| 245 | |a Plan general del recurso hídrico para abastecimiento de agua potable en la zona de los santos | ||
| 260 | |c 1995 |a [San José , Costa Rica] | ||
| 300 | |a v, 85 hojas : ilustraciones (algunas plegables) | ||
| 500 | |a Proyecto de graduación (licenciatura en ingeniería civil)--Universidad de Costa Rica. Facultad de Ingeniería. Escuela de Ingeniería Civil | ||
| 650 | |x RECURSOS HIDRICOS |x AGUA POTABLE |x SUMINISTRO DE AGUA |x VALLE DE LOS SANTOS (SAN JOSE, COSTA RICA) |9 10643 | ||
| 942 | |c TFG | ||
| 999 | |c 19352 |d 19352 | ||
